Airports Named for People #3 - Statistics

General Stats
  • This quiz has been taken 32 times
  • The average score is 7 of 18
Answer Stats
Person City % Correct
John Foster Dulles Washington DC
90%
Liszt Ferenc (a.k.a Franz Liszt) Budapest
63%
Jomo Kenyatta Nairobi
60%
Pat McCarran Las Vegas
57%
Toussaint Louverture Port-au-Prince
57%
Jorge Newbery Buenos Aires
40%
John Glenn Columbus
40%
Henri Coandă Bucharest
37%
Adolfo Suárez Madrid
33%
Bob Hope Burbank
30%
Franjo Tuđman Zagreb
30%
Gerald Ford Grand Rapids
27%
Nicolaus Copernicus Wrocław
27%
Will Rogers Oklahoma City
20%
Ben Douglas Charlotte
17%
Humberto Delgado Lisbon
17%
Mohammad ben Yusef Casablanca
10%
Yuri Gagarin Orenburg
10%
No matching quizzes found
Score Distribution
Percent of People with Each Score
Percentile by Number Answered
Your Score History
You have not taken this quiz